00400nam a22001457a 4500003001200000005001700012008004100029020001800070040001200088082001700100100001700117245007100134260001100205650003800216NUST - PNEC20170116181119.0151004b xxu||||| |||| 00| 0 eng d a9781846141249 cLIBRARY a953.8052 COL a Coll, Steve aThe Bin Ladens: the story of a family and its fortunec Steve Coll cc.2008 aSaudi ArabiaxHistory , Biography